Normal view
MARC view
- Chang Liu
Entry Personal Name
001 - CONTROL NUMBER
- control field: 123984
003 - CONTROL NUMBER IDENTIFIER
- control field: NUST
005 - DATE AND TIME OF LATEST TRANSACTION
- control field: 20240702143734.0
008 - FIXED-LENGTH DATA ELEMENTS
- fixed length control field: 240702|| aca||aabn | a|a d
040 ## - CATALOGING SOURCE
- Original cataloging agency: NUST
- Transcribing agency: NUST
100 ## - HEADING--PERSONAL NAME
- Personal name: Chang Liu
670 ## - SOURCE DATA FOUND
- Source citation: Work cat.: (NUST): Chang Liu, Foundations of MEMS, 2006.
